000 03559nam a2200349 a 4500
003 OSt
005 20250813125539.0
007 cr ||||||a|a|a
008 250624s2025 mx a|||fom||| 001 0 spa d
040 _erda
100 1 _aReséndiz Cabello, Juan Jesús
_9190510
245 1 0 _aEvaluación de insecticidas selectivos para el control de Diaphorina citri Kuwayama, (HEMIPTERA: LIVIIDAE)/
_cpor Juan Jesús Reséndiz Cabello; director de tesis Candelario Santillán Ortega; secretario Guillermo Mondragón Pedrero; vocal Luis Othón Espinosa Carrillo; suplente Isabel López Arroyo; suplente Roberto Abraham Ocampo Ruíz.
264 1 _aChapingo, México :
_bEl autor,
_c2024.
300 _a1 recurso en línea (57 páginas):
_bcuadros, figuras.
336 _2rdacontent
_atexto
_btxt
337 _2rdamedia
_acomputadora
_bc
338 _2rdacarrier
_arecurso en línea
_bcr
502 _bIAEPA
_cParasitología
_d2024.
_gLIC
504 _aIncluye referencias bibliográficas: páginas 31-40.
520 _aLos cítricos son un importante cultivo a nivel mundial, sin embargo, su producción se ve limitada por factores bióticos y abióticos. El psílido asiático de los cítricos, Diaphorina citri Kuwayama, es una plaga clave en la citricultura, es el insecto vector asociado al huanglongbing, la peor enfermedad de los cítricos en el mundo. Una de las principales estrategias para su manejo es la aplicación de insecticidas, no obstante, hoy la agricultura demanda productos eficaces, de bajo costo e inocuos para la salud humana y el medio ambiente. Debido a la escasa disponibilidad de este tipo de compuestos, el objetivo del presente estudio fue generar alternativas mediante la evaluación de insecticidas selectivos que cubran con los estándares requeridos. Se evaluó la efectividad biológica de dos insecticidas convencionales selectivos a diferentes dosis sobre Diaphorina citri en árboles de naranjo tardío (Citrus sinensis (L.) Osbeck), establecidas en condiciones de invernadero. En dos experimentos independientes se evaluaron los insecticidas: ciantraniliprol en la dosis 400 mL ha-1, 75, 66 y 50 % de esta cantidad; flupyradifurone en la dosis 750 mL ha-1 y en porcentajes similares al anterior; por cada experimento se incluyó un testigo con aspersión de agua. El flupyradifurone destacó al causar el 100 % de mortalidad de ninfas en un periodo menor que el ciantraniliprol. Ambos insecticidas mantuvieron bajos los porcentajes de infestación de ninfas y adultos por cada unidad experimental, si bien el flupyradifurone presentó mejor comportamiento, los dos compuestos mostraron actividad hasta por un mes después de la aplicación. Los resultados obtenidos indican que las diferentes dosis evaluadas de los insecticidas ciantraniliprol y flupyradifurone son eficaces y económicamente viables para ser utilizados en el control de Diaphorina citri.
650 7 _aDiaphorina citri
_xControl
_2
_9190778
650 7 _aDiaphorina citri
_xControl
_2
_9190778
650 4 _aInsecticidas
_xAnálisis
_958856
650 4 _aCítricos
_xPlagas
_924458
700 1 _aSantillán Ortega, Candelario
_edirector de tesis.
_9102429
700 1 _aMondragón Pedrero, Guillermo
_977486
_esecretario.
700 1 _aEspinosa Carrillo, Luis Othón
_937903
_evocal.
700 1 _aLopéz Arroyo, J. Isabel
_9164742
_esuplente.
700 1 _aOcampo Ruiz, Roberto Abraham
_esuplente.
_982612
856 _uhttp://10.13.5.2/tesis/tl/1712204-1_RESENDIZ_CABELLO_JUANJESUS.pdf
_zDESCARGAR PDF
942 _2Clasificación Universidad Autónoma Chapingo
_cTD
999 _c220681
_d220681